[Event "Dortmund Sparkassen op-A 51st"]
[Site "Dortmund"]
[Date "2024.08.17"]
[Round "8"]
[White "Heinzel, Thomas"]
[Black "Tahashi, Farzad"]
[Result "1-0"]
[WhiteElo "1866"]
[BlackElo "1960"]
[PlyCount "109"]
[EventDate "2024.08.10"]
[EventType "swiss"]
[EventRounds "9"]
[EventCountry "GER"]
[SourceTitle "CBM 221 Extra"]
[Source "ChessBase"]
[SourceDate "2024.09.30"]
[SourceVersion "1"]
[SourceVersionDate "2024.09.30"]
[SourceQuality "1"]

1. d4 Nf6 2. c4 g6 3. Nf3 Bg7 4. g3 d6 5. Bg2 0-0 6. Nc3 c5 7. d5 e6 8. 0-0 Re8 9. Nd2 exd5 10. cxd5 a6 11. a4 Nbd7 12. Nc4 Nb6 13. Na3 Rb8 14. h3 Nxa4 15. Nxa4 b5 16. Nxc5 dxc5 17. Bf4 Rb6 18. Rc1 Nh5 19. Qc2 Nxf4 20. gxf4 c4 21. Nb1 Qf6 22. b3 Qxf4 23. e3 cxb3 24. Qxc8 Qe5 25. Qc5 Rf6 26. Nd2 b2 27. Rb1 Bf8 28. Qc2 Bd6 29. Rfe1 Ba3 30. Qd3 Bb4 31. Red1 Bd6 32. f4 Qxe3+ 33. Qxe3 Rxe3 34. Ne4 Rxe4 35. Bxe4 Rxf4 36. Bg2 Rd4 37. Rxd4 Bc5 38. d6 Bxd4+ 39. Kf1 Kf8 40. Bc6 Be5 41. d7 Ke7 42. Ke2 Kd8 43. Kd3 Kc7 44. Ke4 Bf6 45. Kd5 g5 46. Re1 h5 47. Kc5 g4 48. hxg4 hxg4 49. Be4 Be7+ 50. Kd5 a5 51. Bf5 Kd8 52. Bxg4 a4 53. Kc6 f5 54. Bxf5 a3 55. Rxe7 1-0

[Event "Dortmund Sparkassen op-A 51st"]
[Site "Dortmund"]
[Date "2024.08.11"]
[Round "2"]
[White "Keyser, Robin"]
[Black "Tahashi, Farzad"]
[Result "1-0"]
[WhiteElo "2229"]
[BlackElo "1960"]
[PlyCount "91"]
[EventDate "2024.08.10"]
[EventType "swiss"]
[EventRounds "9"]
[EventCountry "GER"]
[SourceTitle "CBM 221 Extra"]
[Source "ChessBase"]
[SourceDate "2024.09.30"]
[SourceVersion "1"]
[SourceVersionDate "2024.09.30"]
[SourceQuality "1"]

1. d4 Nf6 2. c4 g6 3. g3 Bg7 4. Bg2 d6 5. Nc3 0-0 6. Nf3 c5 7. d5 e6 8. 0-0 exd5 9. cxd5 h6 10. Nd2 a6 11. a4 Nbd7 12. Nc4 Nb6 13. Na3 Re8 14. h3 Rb8 15. e4 Qc7 16. f4 Nbd7 17. Qd3 b6 18. Be3 Bb7 19. Rad1 Rbc8 20. Nc4 b5 21. axb5 Nb6 22. Nxd6 Qxd6 23. e5 Qd8 24. bxa6 Ba8 25. exf6 Bxf6 26. Bf2 c4 27. Qd2 Bg7 28. Bd4 Bf8 29. Qf2 Nd7 30. Rfe1 Nc5 31. Ne4 Nxe4 32. Rxe4 Qd7 33. Rxe8 Rxe8 34. Kh2 Qb5 35. Bc3 Bc5 36. Qf3 Qxa6 37. Qg4 h5 38. Qg5 Be7 39. Qe5 f6 40. Qd4 Bd8 41. Re1 Rxe1 42. Bxe1 Bb6 43. Qe4 Kh7 44. Qe7+ Kh6 45. Qf8+ Kh7 46. Qf7+ 1-0